000 00291nam a22001337a 4500
008 171219b xxu||||| |||| 00| 0 eng d
020 _a0538337109
041 _aeng
080 _a621
100 _a26
101 _aMEK
245 _aIntroductory Metal Working
_cMorrisey
942 _2udc
_cBK
999 _c39161
_d39161